Afganistan - prawda czy fałsz? - Statystyki

Ogólne statystyki
  • Ten quiz został rozwiązany 3 501 razy
  • Średni wynik to 10 z 15
Statystyki odpowiedzi
Zagadnienie Odpowiedź % Poprawnych
Afganistan został kiedyś najechany przez Związek Radziecki Prawda
91%
Talibowie są obecnie siłą rządzącą w Afganistanie Prawda
83%
Afganistan miał kiedyś króla Prawda
79%
W Afganistanie często zdarza się, że ludzie poślubiają swojego kuzyna Prawda
79%
Afganistan jest głównym eksporterem ropy Fałsz
76%
Kabul znajduje się ponad 1000 metrów nad poziomem morza Prawda
71%
W pewnym momencie Afganistan był największym na świecie producentem maku lekarskiego Prawda
70%
Armia brytyjska została kiedyś prawie całkowicie unicestwiona podczas ucieczki z Afganistanu Prawda
67%
Dzisiejszy Kandahar był niegdyś greckojęzyczną osadą znaną jako „Aleksandria Arachozji” Prawda
60%
Afganistan ma duże mniejszości chrześcijańskie i hinduskie Fałsz
57%
Osama bin Laden był de facto przywódcą Afganistanu w latach 1996–2001 Fałsz
55%
Pasztunowie są główną grupą etniczną w Afganistanie Prawda
52%
Khaled Hosseini był jednym z prezydentów Afganistanu Fałsz
51%
Obama otrzymał Pokojową Nagrodę Nobla za zakończenie wojny USA w Afganistanie Fałsz
49%
Populacja Afganistanu spadła od 1980 roku z powodu wielu wojen i okupacji Fałsz
32%
Nie znaleziono quizów pasujących do podanych kryteriów
Rozkład punktacji
Procent ludzi z każdym wynikiem
Percentyl według liczby udzielonych odpowiedzi
Twoja historia wyników
Nie rozwiązałeś tego quizu